00577nam a22001937a 450000500170000001000130001702000100003003500130004003700160005304000120006908200160008110000180009724500520011526000460016727000530021330000350026665000360030165000460033720170124110108.0 aA-221401 c68.00 aA-221401 bCen Lib/Ret aDPLbEN a954.12bKAU aKaur, Amarjit aThe Punjab story /cby Amarjit Kaur...[at el.]. aNew DelhibRoli Books Internationalc1984 a4378/4 Ansari Road, DaryaganjbNew Delhie110002 aviii,199p. : c22cm(Hb)bill. aGolden Temple (Amritsar, India) aPunjab (India) -- Politics and government